<?xml version="1.0" encoding="UTF-8" ?>
<collection xmlns="http://www.loc.gov/MARC21/slim"><record><leader>01130nam a2200277   4500</leader><controlfield tag="001">48054</controlfield><controlfield tag="003">CH-000273-5</controlfield><controlfield tag="005">20190220170018.0</controlfield><datafield tag="010" ind1=" " ind2=" "><subfield code="a">   47885</subfield></datafield><datafield tag="035" ind1=" " ind2=" "><subfield code="a">(OCoLC)906902765</subfield></datafield><datafield tag="040" ind1=" " ind2=" "><subfield code="a">CH-000273-5</subfield><subfield code="b">ger</subfield><subfield code="e">rda</subfield></datafield><datafield tag="041" ind1=" " ind2=" "><subfield code="a">ger</subfield></datafield><datafield tag="245" ind1="0" ind2="0"><subfield code="a">Vincent van Gogh, Cuno Amiet, Hans Emmenegger, Giovanni Giacometti</subfield><subfield code="b">VI. Serie : vom 10. bis und mit 26. Juli 1908</subfield></datafield><datafield tag="264" ind1="0" ind2="1"><subfield code="a">[Zürich]</subfield><subfield code="b">[Künstlerhaus Zürich]</subfield><subfield code="c">[1908]</subfield></datafield><datafield tag="300" ind1=" " ind2=" "><subfield code="a">7 Seiten</subfield><subfield code="c">23 cm</subfield></datafield><datafield tag="336" ind1=" " ind2=" "><subfield code="a">Text</subfield><subfield code="b">txt</subfield><subfield code="2">rdacontent</subfield></datafield><datafield tag="337" ind1=" " ind2=" "><subfield code="a">ohne Hilfsmittel zu benutzen</subfield><subfield code="b">n</subfield><subfield code="2">rdamedia</subfield></datafield><datafield tag="338" ind1=" " ind2=" "><subfield code="a">Band</subfield><subfield code="b">nc</subfield><subfield code="2">rdacarrier</subfield></datafield><datafield tag="600" ind1="1" ind2="7"><subfield code="a">Gogh, Vincent van</subfield><subfield code="d">1853-1890</subfield><subfield code="v">Ausstellung</subfield><subfield code="2">gnd</subfield></datafield><datafield tag="600" ind1="1" ind2="7"><subfield code="a">Amiet, Cuno</subfield><subfield code="d">1868-1961</subfield><subfield code="v">Ausstellung</subfield><subfield code="2">gnd</subfield></datafield><datafield tag="600" ind1="1" ind2="7"><subfield code="a">Emmenegger, Hans</subfield><subfield code="d">1866-1940</subfield><subfield code="v">Ausstellung</subfield><subfield code="2">gnd</subfield></datafield><datafield tag="600" ind1="1" ind2="7"><subfield code="a">Giacometti, Giovanni</subfield><subfield code="d">1868-1933</subfield><subfield code="v">Ausstellung</subfield><subfield code="2">gnd</subfield></datafield><datafield tag="655" ind1="0" ind2="7"><subfield code="a">Ausstellungskatalog</subfield><subfield code="x">Künstlerhaus Zürich</subfield><subfield code="y">10.07.1908-26.07.1908</subfield><subfield code="z">Zürich</subfield><subfield code="2">gnd-content</subfield></datafield><datafield tag="710" ind1="2" ind2="0"><subfield code="a">Künstlerhaus Zürich</subfield><subfield code="e">Veranstalter</subfield><subfield code="4">orm</subfield></datafield><datafield tag="852" ind1="4" ind2="0"><subfield code="a">CH-000273-5</subfield><subfield code="c">a3/Z 80:19080710</subfield></datafield><datafield tag="856" ind1="4" ind2="1"><subfield code="u">https://digital.kunsthaus.ch:443/viewer/image/48054/1/</subfield><subfield code="y">Kunsthaus Zürich Sammlungen online</subfield></datafield></record></collection>